Maze Runner: la cura mortal

Shranjeno v:
Bibliografske podrobnosti
Glavni avtor: Dashner, James (Author)
Format: Knjiga
Jezik:španščina
Izdano: Buenos Aires V and R 2015
Izdaja:1a. ed
Teme:
Oznake: Označite
Brez oznak, prvi označite!

MARC

LEADER 00000cam a2200000 a 4500
001 UCD4149
003 CL-VaPUC
008 160623e20150900ag |||||||||||||||||spa|d
020 |a 9879876124232 
082 0 4 |a 813  |b DAS  |2 21 
100 0 |a Dashner, James  |e author  |9 587768 
245 1 0 |a Maze Runner: la cura mortal 
250 |a 1a. ed 
300 |a 358 p 
942 |c BK 
945 |d 20160623 20:48:00  |a arojas 
260 |a Buenos Aires  |b V and R  |c 2015 
650 0 |a Novelas estadounidenses  |9 265217 
650 0 |a Literatura estadounidense  |9 317168 
583 |a last modification  |c 20160623 20:48:00  |k Rodrigo Vera 
999 |c 365091  |d 365089